ARTERIAL BLOOD GASES MADE EASY (Record no. 216144)

MARC details
000 -LEADER
fixed length control field 00437nam a22001697a 4500
008 - FIXED-LENGTH DATA ELEMENTS--GENERAL INFORMATION
fixed length control field 251110b |||||||| |||| 00| 0 eng d
020 ## - INTERNATIONAL STANDARD BOOK NUMBER
International Standard Book Number 978044310138
050 ## - LIBRARY OF CONGRESS CALL NUMBER
Classification number RB45.2.H46 2007
100 ## - MAIN ENTRY--PERSONAL NAME
Personal name HENNESSEY LAIN
245 ## - TITLE STATEMENT
Title ARTERIAL BLOOD GASES MADE EASY
260 ## - PUBLICATION, DISTRIBUTION, ETC.
Place of publication, distribution, etc. EDINBURGH
Name of publisher, distributor, etc. ELSEVIER
Date of publication, distribution, etc. 2007
300 ## - PHYSICAL DESCRIPTION
Extent 1X,140P.
500 ## - GENERAL NOTE
General note INCLUDES AN INDEX
650 ## - SUBJECT ADDED ENTRY
Topical term or geographic name entry element INTERNAL MEDICINE
942 ## - ADDED ENTRY ELEMENTS (KOHA)
Source of classification or shelving scheme Library of Congress Classification
Koha item type Long Loan Book
Holdings
Withdrawn status Lost status Source of classification or shelving scheme Damaged status Not for loan Collection Home library Current library Shelving location Date acquired Inventory number Total checkouts Barcode Date last seen Date last checked out Copy number Price effective from Koha item type
    Library of Congress Classification     Medicine Kisii University Library Kisii University Library On Display 11/10/2025 40942 3 033834 12/15/2025 12/09/2025 C.1 11/10/2025 Long Loan Book